000
00327nam a2200133Ia 4500
005
20251222153539.0
008
251222s9999||||xx |||||||||||||| ||spa||
082
_a
657.92/M86/2008
100
_a
Moquillaza Calderon, José G.
245
0
_a
Contabilidad de Sociedades I:
250
_a
5ta. ed.
264
_b
JCM
942
_c
LIB
999
_c
30395
_d
30395